| 000 | 004300000a22001810004500 | ||
|---|---|---|---|
| 003 | MACL | ||
| 005 | 20151027151709.0 | ||
| 008 | 151027b xxu||||| |||| 00| 0 eng d | ||
| 040 |
_aMACL _cMACL |
||
| 041 | _aEnglish | ||
| 082 | _a823/BAS | ||
| 100 |
_aFour corners _917013 |
||
| 245 |
_aSamaresh basu _bADAB |
||
| 260 |
_bFour corner _c2009 _aBhubaneswar |
||
| 350 | _a195 | ||
| 650 |
_aStory _917014 |
||
| 942 |
_cBK _k823/BAS _2ddc |
||
| 999 |
_c44444 _d44444 |
||